Movies Quiz

Random Movies or Disney Quiz
Score 0/24 Timer 06:00
0 Plays Today
Mixed Up Words Disney Movie % Correct
Mob Something Guest BelleBeauty and the Beast
92.1%
You Smile at Pirate CrocodilePeter Pan
90.6%
Can't Circle Prepared LoveThe Lion King
84.2%
Jump Street Prince LampAladdin
83.3%
Fly Pink Baby StorkDumbo
82.4%
Fighting True Honor ManMulan
79.6%
Almost Gonna Deeper New OrleansThe Princess and the Frog
79.1%
Daughters Under Your Unfortunate GirlThe Little Mermaid
76.9%
I Wanna March Bare In FriendsThe Jungle Book
75.8%
He's La Siamese BabyLady and the Tramp
74.8%
Love Phony Nottingham Lally StopRobin Hood
68.4%
O'Malley Wants ArpeggiosThe Aristocats
68.4%
Mixed Up Words Disney Movie % Correct
Smile Prince You HoSnow White
68.4%
Topsy Outcasts Hellfire BellsThe Hunchback of Notre Dame
67.8%
Oh, Work This Dream BooCinderella
63%
Long Distance Mighty Gospel HopeHercules
62.9%
Just Steady Virginia Willow MinePocahontas
58.3%
Mother Wanted Healing Dream LightsTangled
54.3%
Wish No Little Head WhistlePinocchio
54.2%
Man Heart Strangers Camp WorldTarzan
53%
A Walrus and A HornpipeAlice in Wonderland
49%
Perfect Streets Worry Good YorkOliver & Company
47.9%
Round Higitus Befuddling MadameThe Sword in the Stone
37.9%
Yodel Patch Trail FriendHome on the Range
16.9%
Remove Ads.
Support Sporcle.
Get the best of Sporcle when you Go Orange. This ad-free experience offers more features, more stats, and more fun while also helping to support Sporcle. Thank you for becoming a member.

You're not logged in!

Compare scores with friends on all Sporcle quizzes.
OR
Log In

Show Comments

Extras

Top Quizzes Today


Score Distribution

Your Account Isn't Verified!

In order to create a playlist on Sporcle, you need to verify the email address you used during registration. Go to your Sporcle Settings to finish the process.

Report this User

Report this user for behavior that violates our Community Guidelines.

Details: